Province dell'Emilia-Romagna per Densità di popolazione - Statistics

Statistiche generali
  • Questo quiz è stato fatto 24 volte
  • Il punteggio medio è 8 su 9
Statistiche sulle risposte
Densità (popolazione per km²) Provincia o Città metropolitana % Corretto
274 Città metropolitana di Bologna
100%
366 Provincia di Rimini
100%
262 Provincia di Modena
91%
209 Provincia di Ravenna
91%
166 Provincia di Forlì-Cesena
86%
232 Provincia di Reggio Emilia
86%
132 Provincia di Ferrara
82%
131 Provincia di Parma
82%
111 Provincia di Piacenza
77%
Nessun quiz corrispondente trovato
Distribuzione punteggi
Percentuale di utenti per punteggio
Percentile per numero di risposta
I tuoi punteggi nel tempo
Non hai fatto questo quiz